Mot mystérieux - Série 20 - Statistiques

Statistiques générales
  • Ce quiz a été pris 299 fois
  • Le résultat moyen est 7 sur 10
Statistiques - réponses
Indices Mot % Correct
Eau - Fort - Versailles - Cartes Château
96%
Attractions - Astérix - Floral - Animalier Parc
94%
Intime - Officiel - Bord - Télévisé Journal
86%
Retraite - Hôte - Close - Arrêt Maison
83%
Bois - Vipère - Boeuf - Chat Langue
75%
Bibliothèque - Opera - Champs - Egout rat
68%
Plomb - Inconnu - Pompier - Militaire Soldat
66%
Cuisson - Partiel - Cerises - Copains Temps
45%
Pissenlit - Carrée - Dents - Cheveux Racine
40%
Queue - Bretelle - Corde - Cuisson piano
28%
Aucun quiz correspondant
Distribution des résultats
% des personnes avec chaque résultat
Percentile par nombre de réponses
Votre historique - résultats
Vous n’avez pas pris ce quiz